Worlds of written discourse
Shranjeno v:
| Glavni avtor: | |
|---|---|
| Format: | Knjiga |
| Jezik: | angleščina |
| Izdano: |
Londres
Continuum
2004
|
| Izdaja: | 1a. ed |
| Serija: | Advances in Applied Linguistics
|
| Teme: | |
| Oznake: |
Označite
Brez oznak, prvi označite!
|
MARC
| LEADER | 00000nam a2200000 a 4500 | ||
|---|---|---|---|
| 001 | UCK5695 | ||
| 003 | CL-VaPUC | ||
| 008 | 050819e20040000UK |||||||||||||||||eng|d | ||
| 020 | |a 0826454453 | ||
| 020 | |a 0826454461 | ||
| 082 | 0 | 4 | |a 401.41 |b BHA |2 21 |
| 100 | |a Bhatia, Vijay |e author |9 577162 | ||
| 245 | 1 | 0 | |a Worlds of written discourse |
| 250 | |a 1a. ed | ||
| 300 | |a 228 p | ||
| 942 | |c BK | ||
| 945 | |d 20050819 00:00:00 |a cmena | ||
| 260 | |a Londres |b Continuum |c 2004 | ||
| 650 | 0 | |a Análisis del discurso |9 256696 | |
| 650 | 0 | |a Redacción de textos |9 446760 | |
| 650 | 0 | |a Investigación lingüística |9 329785 | |
| 583 | |a last modification |c 20050819 00:00:00 |k Rodrigo Vera | ||
| 490 | 0 | |a Advances in Applied Linguistics | |
| 999 | |c 314190 |d 314188 | ||
| 952 | |0 0 |1 0 |4 0 |6 401_410000000000000_BHA_2004 |7 0 |8 A |9 386197 |a FDOPOS |b FDOPOS |d 2019-11-22 |i 4156951 |o 401.41 BHA 2004 |p 4156951 |r 2025-01-22 |w 2019-11-22 |y BK |k MLA | ||
| 952 | |0 0 |1 0 |4 0 |6 401_410000000000000_BHA_2004 |7 0 |8 A |9 386198 |a FDOPOS |b FDOPOS |d 2019-11-22 |i 4266277 |o 401.41 BHA 2004 |p 4266277 |r 2025-01-22 |w 2019-11-22 |y BK |k MLA | ||
| 952 | |0 0 |1 0 |2 ddc |4 0 |6 401_410000000000000_BHA_2004 |7 0 |8 A |9 386199 |a FDOPOS |b BIBEDU |d 2019-11-22 |i 4432711 |l 4 |o 401.41 BHA 2004 |p 4432711 |r 2025-01-22 |s 2022-03-29 |w 2019-11-22 |y BK |k MLA | ||